Online katalóg knižníc regiónu Turca

Zločin v exprese ; (Record no. 22081)

MARC details
000 -LEADER
fixed length control field 01099nam a22003371 4500
001 - CONTROL NUMBER
control field 22081
003 - CONTROL NUMBER IDENTIFIER
control field CZ PrNK
005 - DATE AND TIME OF LATEST TRANSACTION
control field 20260319111522.0
008 - FIXED-LENGTH DATA ELEMENTS--GENERAL INFORMATION
fixed length control field 020124s1989 xo e 000 f slo
040 ## - CATALOGING SOURCE
Original cataloging agency ABA001
Language of cataloging cze
Transcribing agency ABA001
Modifying agency ABA001
041 1# - LANGUAGE CODE
Language code of text/sound track or separate title slo
Language code of original fre
072 #7 - SUBJECT CATEGORY CODE
Subject category code 821.133.1-3
Subject category code subdivision Francouzská próza, francouzsky psaná
Source Konspekt
080 ## - UNIVERSAL DECIMAL CLASSIFICATION NUMBER
Universal Decimal Classification number 821.133.1-31
Edition identifier MRF
080 ## - UNIVERSAL DECIMAL CLASSIFICATION NUMBER
Universal Decimal Classification number (0:82-312.4)
Edition identifier MRF
100 1# - MAIN ENTRY--PERSONAL NAME
Personal name Japrisot, Sébastien,
Dates associated with a name 1931-2003
Relationship aut
245 10 - TITLE STATEMENT
Title Zločin v exprese ;
Remainder of title Pasca na Popolušku /
Statement of responsibility, etc. Sébastien Japrisot ; [preložila Terézia Gašparíková]
250 ## - EDITION STATEMENT
Edition statement 1. vyd.
260 ## - PUBLICATION, DISTRIBUTION, ETC.
Place of publication, distribution, etc. Bratislava :
Name of publisher, distributor, etc. Pravda,
Date of publication, distribution, etc. 1989
300 ## - PHYSICAL DESCRIPTION
Extent 280 s. ;
Dimensions 21 cm
490 1# - SERIES STATEMENT
Series statement Členská knižnica Pravda
500 ## - GENERAL NOTE
General note Přeloženo z francouzštiny
500 ## - GENERAL NOTE
General note Vl. jm. autora: Jean-Baptiste Rossi
655 #7 - INDEX TERM--GENRE/FORM
Genre/form data or focus term francouzské romány
Source of term czenas
655 #7 - INDEX TERM--GENRE/FORM
Genre/form data or focus term detektivní romány
Source of term czenas
740 02 - ADDED ENTRY--UNCONTROLLED RELATED/ANALYTICAL TITLE
Uncontrolled related/analytical title Pasca na Popolušku
765 0# - ORIGINAL LANGUAGE ENTRY
Title Compartiment tueurs
765 0# - ORIGINAL LANGUAGE ENTRY
Title Piège pour Cendrillon
830 #0 - SERIES ADDED ENTRY--UNIFORM TITLE
Uniform title Členská knižnica Pravda
910 ## - USER-OPTION DATA (OCLC)
User-option data ABA001
942 ## - ADDED ENTRY ELEMENTS (KOHA)
Source of classification or shelving scheme Dewey Decimal Classification
Koha item type Krásna literatúra pre dospelých
Suppress in OPAC No
Holdings
Stav vyradenia Strata Poškodenie Spôsob nadobudnutia Domovská knižnica Aktuálna knižnica Dátum nadobudnutia Total checkouts Čiarový kód exemplára Date last seen Typ exemplára
      Dar Obecná knižnica Turčianska Štiavnička Obecná knižnica Turčianska Štiavnička 19.03.2026   4738000629 19.03.2026 Krásna literatúra pre dospelých
Projekt je podporený Slovenskou asociáciou knižníc
Prevádzkuje Turčianska knižnica Martin 2026